Nad připravovanou právní úpravou občanského zákoníku

Informácia o pripravovanej novej právnej úprave občianskeho zákonníka v Českej republike. Najdôležitejšie koncepčné zmeny a úprava nových inštitúcií, ktoré by sa mali objaviť v novej právnej úprave v súlade so schváleným vecným zámerom občianskeho zákonníka. Súčasná právna úprava Občianskeho zákonní...

Descrizione completa

Salvato in:
Dettagli Bibliografici
Autore principale: Češková, Marie
Natura: Capitolo di libro
Lingua:ceco
Soggetti:
Tags: Aggiungi Tag
Nessun Tag, puoi essere il primo ad aggiungerne!!

MARC

LEADER 00000naa$a2200000$$$4500
001 0035594
005 20231114081627.8
041 0 |a cze 
044 |a CZ 
245 1 0 |a Nad připravovanou právní úpravou občanského zákoníku  |c Marie Češková 
520 |a Informácia o pripravovanej novej právnej úprave občianskeho zákonníka v Českej republike. Najdôležitejšie koncepčné zmeny a úprava nových inštitúcií, ktoré by sa mali objaviť v novej právnej úprave v súlade so schváleným vecným zámerom občianskeho zákonníka. Súčasná právna úprava Občianskeho zákonníka (Zákon č. 40/1964 Sb) a dôvody pre jej zmeny. 
610 2 0 |a zákonník občiansky 
610 2 0 |a Česko 
610 2 0 |a úpravy právne 
610 2 0 |a história 
610 2 0 |a novelizácia 
610 2 0 |a právo občianske 
100 1 |a Češková, Marie